Statistiques concernant Scientifiques par lettre - L

Cliquez ici pour prendre le quiz!

Statistiques générales

  • Ce quiz a été pris 116 fois
  • Le résultat moyen est 3 sur 10

Statistiques - réponses

IndiceRéponse% Correct
Frères français pionniers du cinémaAuguste et Louis Lumière
93%
"Rien ne se perd, rien ne se créé, tout se transforme"Antoine Lavoisier
89%
L'opérateur Δ est tiré son nomPierre-Simon de Laplace
34%
Sa formule donne la dérivée d'ordre n d'un produit de fonction, il est aussi philosopheGottfried Leibniz
30%
La force électromagnétique est également surnommée force de ...Hendrik Lorentz
28%
Le télescope James Webb est positionné à un point qui porte son nomJoseph-Louis Lagrange
21%
A développé une théorie d'intégrationHenri-Léon Lebesgue
13%
Ses coefficients sont notés lambda et muGabriel Lamé
6%
A l'origine d'une loi de modération en chimieHenry Le Chatelier
6%
Il a développé l'ancêtre du sonarPaul Langevin
3%

Distribution des résultats

Percentile par nombre de réponses

% des personnes avec chaque résultat

Votre développement - résultats

Vous n’avez pas pris ce quiz